| 000 | 00599nam a2200181 u 4500 | ||
|---|---|---|---|
| 001 | 000596845 | ||
| 003 | AM-YeHGA | ||
| 005 | 20250617141804.0 | ||
| 008 | 080901s1922 ||| r 000 0 rus d | ||
| 040 | _aAM-YeHGA | ||
| 041 | 0 | _arus | |
| 245 | 1 | 0 |
_aБелинский / _cН.О. Лернер. |
| 260 |
_aБерлин _aПетербург _aМосква : _bИзд-во З.И. Гржебина, _c1922. |
||
| 300 |
_a220 с. : _bпортр. |
||
| 600 | 1 | 4 | _aБелинский, Виссарион Григорьевич |
| 653 | 0 | _aБиографии - В.Г. Белинский | |
| 090 | _c246903 | ||
| 999 |
_c245317 _d245317 |
||